Países más cercanos a Rumania - Estadísticas

Estadísticas generales
  • Esta prueba ha sido intentada 153 veces
  • La puntuación promedio es 19 de 20
Estadísticas de respuestas
km país % Correcto
0 Bulgaria
99%
0 Moldavia
99%
107 Croacia
98%
0 Hungría
98%
220 Rusia
98%
0 Serbia
98%
0 Ucrania
98%
68 Eslovaquia
97%
284 Eslovenia
97%
235 Grecia
97%
201 Turquía
96%
266 Albania
94%
101 Polonia
94%
322 Chequia
93%
170 Macedonia
93%
156 Kosovo
91%
221 Montenegro
91%
365 Bielorrusia
90%
129 Bosnia y Herzegovina
90%
304 Austria
88%
No se encontraron pruebas coincidentes
Distribución de puntuación
Porcentaje de gente con cada puntuación
Porcentaje por número respondido
Historial de tus puntuaciones
No has intentado esta prueba.